000 00490nmm a2200181Ia 4500
008 251105s9999||||xx |||||||||||||||||und||
041 _aspa
100 _aOida, Yoshi
245 0 _aEl actor invisible
264 _a[Madrid, España] :
_bAlba Editorial,
_c2016
300 _a210 páginas
490 _aArtes escénicas
650 _aTheater / Drama
700 _aOida, Yoshi
700 1 _a Vilallonga, Elena
856 _uhttps://public.digitaliapublishing.com/a/48902
942 _cCF
999 _c69478
_d69478